[Event "FRA-ch Blitz Online Qual"]
[Site "Europe Echecs INT"]
[Date "2020.05.16"]
[Round "4"]
[White "Lamorelle, Yves"]
[Black "Commin Humeau, Augustin"]
[Result "0-1"]
[WhiteElo "2052"]
[BlackElo "1971"]
[PlyCount "80"]
[EventDate "2020.05.16"]
[EventType "swiss (blitz)"]
[EventRounds "15"]
[EventCountry "FRA"]
[SourceTitle "CBM 196 Extra"]
[Source "ChessBase"]
[SourceDate "2020.07.31"]
[SourceVersion "1"]
[SourceVersionDate "2020.07.31"]
[SourceQuality "1"]

1. e4 c5 2. Nf3 g6 3. c3 d5 4. e5 Nc6 5. h3 d4 6. Bc4 Bg7 7. Qe2 e6 8. d3 Qc7 9. Bf4 Nge7 10. 0-0 0-0 11. Nbd2 Nd5 12. Bxd5 exd5 13. cxd4 cxd4 14. Nb3 Qb6 15. Qd2 Bf5 16. Bh6 Rfe8 17. Bxg7 Kxg7 18. Rfe1 a5 19. g4 Bd7 20. Qf4 Rac8 21. Rac1 Be6 22. h4 Nb4 23. h5 Nxd3 24. h6+ Kf8 25. Qf6 Nxe1 26. Rxe1 Qd8 27. Qg7+ Ke7 28. Nbxd4 Rg8 29. Qf6+ Kd7 30. Qf4 Rc4 31. b3 Rc3 32. Ng5 Qc8 33. Ndxe6 fxe6 34. Qf7+ Kc6 35. Nxe6 Re8 36. Nd4+ Kc5 37. Rd1 Qxg4+ 38. Kf1 Qxd1+ 39. Kg2 Qg4+ 40. Kh2 Rh3# 0-1

[Event "Pattaya op"]
[Site "Pattaya"]
[Date "2019.10.29"]
[Round "8"]
[White "Lamorelle, Yves"]
[Black "Wong, Zi Yue"]
[Result "0-1"]
[WhiteElo "2100"]
[BlackElo "1673"]
[PlyCount "68"]
[EventDate "2019.10.23"]
[EventType "swiss"]
[EventRounds "9"]
[EventCountry "THA"]
[SourceTitle "CBM 195 Extra"]
[Source "ChessBase"]
[SourceDate "2020.05.31"]
[SourceVersion "1"]
[SourceVersionDate "2020.05.31"]
[SourceQuality "1"]

1. e4 c5 2. Nf3 d6 3. Bb5+ Bd7 4. Bxd7+ Qxd7 5. c4 Nc6 6. 0-0 Nf6 7. Nc3 g6 8. a3 Bg7 9. Rb1 a5 10. Re1 0-0 11. h3 e6 12. d3 Ne5 13. Be3 Qc6 14. Rc1 Rad8 15. Qe2 Nfd7 16. Nd2 Qb6 17. f4 Nc6 18. Nf3 Nd4 19. Bxd4 cxd4 20. Nb5 Bh6 21. g3 e5 22. Ng5 Nc5 23. b4 axb4 24. axb4 Ne6 25. Qg4 exf4 26. Nxe6 fxe6 27. Qxe6+ Kh8 28. e5 f3 29. Rc2 f2+ 30. Rxf2 Be3 31. Rxe3 dxe3 32. Re2 Qa6 33. Nxd6 Qa1+ 34. Kh2 Qf1 0-1

[Event "Pattaya op"]
[Site "Pattaya"]
[Date "2019.10.25"]
[Round "4"]
[White "Lamorelle, Yves"]
[Black "Nisban, Cyrus"]
[Result "0-1"]
[WhiteElo "2100"]
[BlackElo "1649"]
[PlyCount "94"]
[EventDate "2019.10.23"]
[EventType "swiss"]
[EventRounds "9"]
[EventCountry "THA"]
[SourceTitle "CBM 195 Extra"]
[Source "ChessBase"]
[SourceDate "2020.05.31"]
[SourceVersion "1"]
[SourceVersionDate "2020.05.31"]
[SourceQuality "1"]

1. e4 c5 2. Nf3 d6 3. d4 cxd4 4. Qxd4 Nc6 5. Bb5 Bd7 6. Bxc6 Bxc6 7. Nc3 e5 8. Qd3 h6 9. Be3 Nf6 10. 0-0-0 Qd7 11. h3 b5 12. Nd2 Qb7 13. f3 Be7 14. Nf1 Rc8 15. Kb1 b4 16. Nd5 Nxd5 17. exd5 Bb5 18. Qd2 Bd7 19. g4 f5 20. gxf5 Bxf5 21. Rc1 b3 22. Ka1 Bxc2 23. Rg1 Bf6 24. Rg4 Qa6 25. a3 0-0 26. Ng3 e4 27. Bd4 Qd3 28. Bxf6 Rxf6 29. Nxe4 Qxd2 30. Nxd2 Rc5 31. Rcg1 Rf7 32. Rb4 Rxd5 33. Nxb3 a5 34. Rb8+ Kh7 35. Rc1 Bf5 36. Ra8 Bxh3 37. Rxa5 Rd3 38. Rb5 Rfxf3 39. Na5 Rf5 40. Rxf5 Bxf5 41. Nc4 g5 42. a4 g4 43. a5 g3 44. a6 g2 45. a7 Be4 46. Na5 Rf3 47. Nc6 Bxc6 0-1

[Event "FRA-ch Seniors"]
[Site "Saint Quentin"]
[Date "2015.??.??"]
[Round "6"]
[White "Ferrandi, Bernard"]
[Black "Lamorelle, Yves"]
[Result "0-1"]
[WhiteElo "1733"]
[BlackElo "2198"]
[PlyCount "76"]
[EventDate "2015.08.09"]
[EventType "swiss"]
[EventRounds "11"]
[EventCountry "FRA"]
[SourceTitle "EXT 2016"]
[Source "ChessBase"]
[SourceDate "2015.10.08"]
[SourceVersion "1"]
[SourceVersionDate "2015.10.08"]
[SourceQuality "1"]

1. e4 e5 2. f4 exf4 3. Nf3 d6 4. d4 g5 5. Bc4 h6 6. 0-0 Bg7 7. c3 Nc6 8. g3 Bh3 9. Rf2 g4 10. Bxf4 gxf3 11. Qxf3 Qd7 12. Na3 Bg4 13. Qd3 Nf6 14. Bb5 a6 15. Ba4 b5 16. Bc2 Bh5 17. Re1 Bg6 18. Qd2 0-0 19. Bd3 Rae8 20. Rfe2 h5 21. Nc2 d5 22. e5 Ne4 23. Bxe4 Bxe4 24. Ne3 f6 25. exf6 Rxf6 26. Bxc7 Bh6 27. Bf4 Bxf4 28. gxf4 Rxf4 29. Ng2 Rg4 30. h3 Rg6 31. Qe3 Rf8 32. Rf1 Rxf1+ 33. Kxf1 Qg7 34. Ne1 Rg3 35. Qf2 Rxh3 36. Re3 Qg4 37. Qf6 Rxe3 38. Qf2 Qh3+ 0-1

[Event "FRA-ch Seniors"]
[Site "Saint Quentin"]
[Date "2015.??.??"]
[Round "7"]
[White "Giffard, Nicolas"]
[Black "Lamorelle, Yves"]
[Result "1-0"]
[WhiteElo "2303"]
[BlackElo "2198"]
[PlyCount "53"]
[EventDate "2015.08.09"]
[EventType "swiss"]
[EventRounds "11"]
[EventCountry "FRA"]
[SourceTitle "EXT 2016"]
[Source "ChessBase"]
[SourceDate "2015.10.08"]
[SourceVersion "1"]
[SourceVersionDate "2015.10.08"]
[SourceQuality "1"]

1. d4 Nf6 2. Nf3 g6 3. g3 Bg7 4. Bg2 0-0 5. 0-0 d6 6. a4 c5 7. Nc3 Nc6 8. a5 Bf5 9. dxc5 dxc5 10. Be3 b6 11. Qxd8 Raxd8 12. axb6 axb6 13. Nh4 Bd7 14. Ra6 Ng4 15. Bxc5 bxc5 16. Bxc6 Bc8 17. Ra4 Rd2 18. Be4 Bd7 19. Ra7 c4 20. Nf3 Rd6 21. Rfa1 Rb8 22. Ra8 Rdb6 23. Rxb8+ Rxb8 24. Ra8 Rxa8 25. Bxa8 e6 26. Bb7 e5 27. Bd5 1-0

[Event "FRA-ch Seniors"]
[Site "Saint Quentin"]
[Date "2015.??.??"]
[Round "2"]
[White "Zurano, Alberto"]
[Black "Lamorelle, Yves"]
[Result "0-1"]
[WhiteElo "1834"]
[BlackElo "2198"]
[PlyCount "81"]
[EventDate "2015.08.09"]
[EventType "swiss"]
[EventRounds "11"]
[EventCountry "FRA"]
[SourceTitle "EXT 2016"]
[Source "ChessBase"]
[SourceDate "2015.10.08"]
[SourceVersion "1"]
[SourceVersionDate "2015.10.08"]
[SourceQuality "1"]

1. e4 e5 2. Nf3 Nc6 3. Bb5 a6 4. Ba4 Nf6 5. 0-0 Be7 6. Re1 b5 7. Bb3 0-0 8. a4 Bb7 9. c3 d5 10. d3 dxe4 11. dxe4 Qxd1 12. Bxd1 Rad8 13. Bc2 b4 14. Nbd2 Nd7 15. Nc4 Rfe8 16. Be3 Nc5 17. Bxc5 Bxc5 18. Rad1 f6 19. Rxd8 Rxd8 20. Rd1 Kf8 21. Ne3 Rxd1+ 22. Nxd1 Ke7 23. Nd2 Na5 24. Kf1 Bc6 25. cxb4 Bxb4 26. Nc3 Nb7 27. Ncb1 Nc5 28. b3 Ne6 29. Nf3 g5 30. h3 h5 31. Kg1 Nd4 32. Nxd4 exd4 33. Kf1 Kd6 34. Ke2 Ke5 35. f3 Kf4 36. Kf2 h4 37. Bd3 a5 38. Bc4 Bd7 39. Bd5 d3 40. Bc4 d2 41. Nxd2 0-1

[Event "FRA-chT1 0910"]
[Site "France"]
[Date "2009.10.18"]
[Round "3.7"]
[White "Daurelle, Herve"]
[Black "Lamorelle, Yves"]
[Result "1/2-1/2"]
[WhiteElo "2234"]
[BlackElo "2201"]
[PlyCount "70"]
[EventDate "2009.09.27"]
[EventType "team-tourn"]
[EventRounds "11"]
[EventCountry "FRA"]
[SourceTitle "EXT 2011"]
[Source "ChessBase"]
[SourceDate "2010.11.26"]
[SourceVersion "1"]
[SourceVersionDate "2010.11.26"]
[SourceQuality "1"]

1. e4 e5 2. Nf3 Nc6 3. Bb5 a6 4. Ba4 Nf6 5. 0-0 Be7 6. Re1 b5 7. Bb3 0-0 8. c3 d6 9. h3 Nd7 10. d4 Bf6 11. a4 Bb7 12. Na3 Re8 13. d5 Ne7 14. axb5 axb5 15. Bg5 Bxg5 16. Nxg5 h6 17. Nf3 Nc5 18. Bc2 c6 19. b4 Na6 20. dxc6 Bxc6 21. Bb3 Ng6 22. g3 Nc7 23. h4 Qf6 24. Nh2 d5 25. Ng4 Qd6 26. Ne3 Rad8 27. Qf3 Ne7 28. Rad1 Qg6 29. exd5 e4 30. Qf4 Ncxd5 31. Nxd5 Bxd5 32. Bc2 Qc6 33. Bxe4 Qxc3 34. Nxb5 Qc6 35. Nd4 Qc4 1/2-1/2

[Event "FRA-chT Top 16 GpA"]
[Site "France"]
[Date "2009.03.22"]
[Round "3"]
[White "Marzolo, Cyril"]
[Black "Lamorelle, Yves"]
[Result "1/2-1/2"]
[WhiteElo "2484"]
[BlackElo "2217"]
[PlyCount "114"]
[EventDate "2009.03.20"]
[EventType "team"]
[EventRounds "7"]
[EventCountry "FRA"]
[SourceTitle "CBM 129 Extra"]
[Source "ChessBase"]
[SourceDate "2009.05.05"]
[SourceVersion "2"]
[SourceVersionDate "2009.05.20"]
[SourceQuality "1"]

1. d4 Nf6 2. c4 g6 3. Nc3 Bg7 4. e4 0-0 5. Bg5 c5 6. d5 h6 7. Be3 d6 8. f3 e6 9. Qd2 exd5 10. cxd5 a6 11. a4 Nbd7 12. Nh3 Kh7 13. Be2 Rb8 14. 0-0 Ne5 15. Nf2 Bd7 16. a5 b5 17. axb6 Rxb6 18. Bxa6 Qb8 19. Rfb1 h5 20. Be2 Rb4 21. h3 Re8 22. Na2 Rb3 23. Nc3 Rb4 24. Qc2 Bc8 25. b3 Re7 26. Ra4 Rc7 27. f4 Ned7 28. Bc4 Nb6 29. Rxb4 cxb4 30. Na2 Nbd7 31. Qd2 Nc5 32. Bxc5 Rxc5 33. Nxb4 Qb6 34. Re1 Bh6 35. Nbd3 Rc7 36. Qe3 Qa5 37. Qf3 Bb7 38. g4 hxg4 39. hxg4 Bg7 40. Kg2 Kg8 41. Kg3 Re7 42. g5 Nd7 43. Ng4 Bc3 44. Re2 Qa1 45. Qf2 Qd1 46. Rc2 Nc5 47. Nxc5 Be1 48. Nxb7 Rxb7 49. e5 Kf8 50. exd6 Rd7 51. Re2 Bxf2+ 52. Nxf2 Qg1+ 53. Kf3 Rxd6 54. Ne4 Rd8 55. Nf6 Qf1+ 56. Kg3 Qg1+ 57. Kf3 Qf1+ 1/2-1/2

[Event "FRA-chT Top 16 GpA"]
[Site "France"]
[Date "2009.03.21"]
[Round "2"]
[White "Lamorelle, Yves"]
[Black "Fressinet, Laurent"]
[Result "0-1"]
[WhiteElo "2217"]
[BlackElo "2666"]
[PlyCount "69"]
[EventDate "2009.03.20"]
[EventType "team"]
[EventRounds "7"]
[EventCountry "FRA"]
[SourceTitle "CBM 129 Extra"]
[Source "ChessBase"]
[SourceDate "2009.05.05"]
[SourceVersion "2"]
[SourceVersionDate "2009.05.20"]
[SourceQuality "1"]

1. e4 e5 2. Nf3 Nc6 3. Bc4 Nf6 4. d3 Bc5 5. 0-0 0-0 6. Bb3 d6 7. c3 a6 8. Be3 Ba7 9. Nbd2 Ne7 10. Bxa7 Rxa7 11. Re1 Ng6 12. d4 h6 13. Nf1 Bd7 14. Ng3 Ra8 15. h3 Re8 16. Qd2 Qe7 17. Rad1 Rad8 18. Bc2 Nh7 19. Qe3 Ng5 20. Nxg5 hxg5 21. f3 Nf4 22. Ne2 g6 23. Nxf4 gxf4 24. Qf2 Qg5 25. Kh2 Kg7 26. Bd3 Rh8 27. Bf1 Rde8 28. Rd2 Be6 29. b4 Rh5 30. Red1 Reh8 31. dxe5 dxe5 32. Qe1 Qh6 33. Kg1 Rg5 34. Kf2 Qh4+ 35. Ke2 0-1

[Event "FRA-chT Top 16 GpA"]
[Site "France"]
[Date "2009.03.20"]
[Round "1"]
[White "Nguyen, Chi Minh"]
[Black "Lamorelle, Yves"]
[Result "1-0"]
[WhiteElo "2429"]
[BlackElo "2217"]
[PlyCount "57"]
[EventDate "2009.03.20"]
[EventType "team"]
[EventRounds "7"]
[EventCountry "FRA"]
[SourceTitle "CBM 129 Extra"]
[Source "ChessBase"]
[SourceDate "2009.05.05"]
[SourceVersion "2"]
[SourceVersionDate "2009.05.20"]
[SourceQuality "1"]

1. d4 Nf6 2. c4 g6 3. Nc3 Bg7 4. e4 0-0 5. f4 d6 6. Nf3 c5 7. d5 e6 8. Be2 exd5 9. exd5 Na6 10. 0-0 Nc7 11. a4 Na6 12. Bd3 Nb4 13. Bb1 Re8 14. Ra3 Bd7 15. f5 Ng4 16. h3 Ne3 17. Bxe3 Rxe3 18. Ne4 Rxe4 19. Bxe4 Bxb2 20. Re3 gxf5 21. Bb1 Qf6 22. Kh1 Kh8 23. Qe2 Bxa4 24. Ng5 Rg8 25. Rxf5 Rxg5 26. Rxf6 Bxf6 27. h4 Rg7 28. Re8+ Rg8 29. Qe4 1-0

[Event "Nice op 21st"]
[Site "Nice"]
[Date "2005.08.03"]
[Round "4"]
[White "Ivanov, Jordan"]
[Black "Lamorelle, Yves"]
[Result "1-0"]
[WhiteElo "2347"]
[BlackElo "2221"]
[PlyCount "106"]
[EventDate "2005.08.01"]
[EventType "swiss"]
[EventRounds "7"]
[EventCountry "FRA"]
[SourceTitle "CBM 107 Extra"]
[Source "ChessBase"]
[SourceDate "2005.09.01"]
[SourceVersion "1"]
[SourceVersionDate "2005.09.01"]
[SourceQuality "1"]

1. d4 Nf6 2. c4 g6 3. Nc3 Bg7 4. e4 0-0 5. Nf3 d6 6. h3 Na6 7. Bg5 c5 8. d5 Nc7 9. Bd3 e6 10. a4 Na6 11. 0-0 h6 12. Be3 Nb4 13. Bb1 e5 14. Qd2 Kh7 15. g4 h5 16. Ng5+ Kg8 17. f3 Nh7 18. Nxh7 Kxh7 19. Kh2 hxg4 20. fxg4 Qe7 21. Ra3 Bd7 22. Ne2 Rh8 23. Bg5 f6 24. Be3 Kg8 25. Kg2 Rf8 26. Ng3 Rf7 27. Rh1 Qf8 28. Qf2 a5 29. Bc2 Bh6 30. Bd1 Bxe3 31. Rxe3 Rhh7 32. Rf3 Kg7 33. Rf1 Qe7 34. Ne2 Rh8 35. Qg3 Rhf8 36. Nc3 Kg8 37. Qf2 Kg7 38. Qe3 Rh8 39. Kf2 Rff8 40. Ke1 Rf7 41. Kd2 Be8 42. Qf2 Bd7 43. Be2 Rhf8 44. b3 Rh8 45. Nd1 g5 46. Ne3 Rh6 47. Rh1 Kf8 48. h4 Ke8 49. hxg5 Rxh1 50. gxf6 Qf8 51. g5 Qg8 52. Qg2 Rh4 53. g6 Rf8 1-0

[Event "Nice op 21st"]
[Site "Nice"]
[Date "2005.08.02"]
[Round "2"]
[White "Lamorelle, Yves"]
[Black "Bujisho, Benjamin"]
[Result "0-1"]
[WhiteElo "2221"]
[BlackElo "2389"]
[PlyCount "106"]
[EventDate "2005.08.01"]
[EventType "swiss"]
[EventRounds "7"]
[EventCountry "FRA"]
[SourceTitle "CBM 107 Extra"]
[Source "ChessBase"]
[SourceDate "2005.09.01"]
[SourceVersion "1"]
[SourceVersionDate "2005.09.01"]
[SourceQuality "1"]

1. e4 c6 2. Nf3 g6 3. d4 d5 4. Nc3 Bg7 5. h3 Nf6 6. Bd3 dxe4 7. Nxe4 Nxe4 8. Bxe4 c5 9. Be3 0-0 10. c3 cxd4 11. Bxd4 Bxd4 12. Nxd4 e5 13. Nf3 Qc7 14. Qd2 Rd8 15. Qh6 f5 16. Bc2 Be6 17. 0-0 Nc6 18. Rfe1 Bd5 19. Nh2 e4 20. Nf1 Ne5 21. Red1 Be6 22. Qg5 Rf8 23. Ng3 Rf7 24. Ne2 Qe7 25. Qg3 Bc4 26. Qe3 Bxe2 27. Qxe2 Rf6 28. Rd5 Rd8 29. Qb5 Rxd5 30. Qxd5+ Kg7 31. Rd1 Nd3 32. Bxd3 Rd6 33. Qc5 b6 34. Qe3 Qd7 35. f3 Rxd3 36. Rxd3 exd3 37. Qd2 Qd5 38. b3 f4 39. Kf1 a5 40. Kf2 Qc5+ 41. Kf1 Qe3 42. Qd1 Kf6 43. c4 Kg5 44. a3 d2 45. Qe2 Kf6 46. b4 Qd4 47. Qd1 Qxc4+ 48. Kf2 Qd4+ 49. Ke2 Qe3+ 50. Kf1 axb4 51. axb4 Qe1+ 52. Qxe1 dxe1Q+ 53. Kxe1 Ke5 0-1

[Event "Nice op 21st"]
[Site "Nice"]
[Date "2005.08.01"]
[Round "1"]
[White "Lamorelle, Yves"]
[Black "Maksimenko, Andrei"]
[Result "1-0"]
[WhiteElo "2221"]
[BlackElo "2505"]
[PlyCount "69"]
[EventDate "2005.08.01"]
[EventType "swiss"]
[EventRounds "7"]
[EventCountry "FRA"]
[SourceTitle "CBM 107 Extra"]
[Source "ChessBase"]
[SourceDate "2005.09.01"]
[SourceVersion "1"]
[SourceVersionDate "2005.09.01"]
[SourceQuality "1"]

1. e4 c5 2. Nf3 e6 3. c3 Nf6 4. e5 Nd5 5. d4 cxd4 6. Bc4 Nb6 7. Bb3 dxc3 8. Nxc3 d5 9. exd6 Bxd6 10. 0-0 Nc6 11. Qe2 0-0 12. Rd1 Qe7 13. Bc2 g6 14. Ne4 Nd5 15. Bh6 Bf4 16. Bxf8 Qxf8 17. Bb3 Nce7 18. Rd4 Bh6 19. Rad1 Bg7 20. R4d2 Bd7 21. g3 Rd8 22. Nd4 Bc8 23. Nb5 a6 24. Nc7 h6 25. Nxd5 exd5 26. Bxd5 Rxd5 27. Rxd5 Nxd5 28. Rxd5 Be6 29. Rd2 Bxa2 30. Qd1 Qb4 31. Nc3 Be6 32. Nd5 Qc5 33. Nf4 Bf5 34. Qe2 Be4 35. Rd8+ 1-0

[Event "Paris-ch"]
[Site "Paris"]
[Date "2004.07.09"]
[Round "7"]
[White "Renaudin, Mathieu"]
[Black "Lamorelle, Yves"]
[Result "0-1"]
[WhiteElo "2205"]
[BlackElo "2255"]
[PlyCount "62"]
[EventDate "2004.07.03"]
[EventType "swiss"]
[EventRounds "9"]
[EventCountry "FRA"]
[SourceTitle "CBM 101 Extra"]
[Source "ChessBase"]
[SourceDate "2004.09.01"]
[SourceVersion "2"]
[SourceVersionDate "2004.09.01"]
[SourceQuality "1"]

1. Nf3 Nf6 2. c4 g6 3. Nc3 Bg7 4. d4 0-0 5. e4 d6 6. Be2 e5 7. Be3 Ng4 8. Bg5 f6 9. Bc1 Na6 10. 0-0 Qe8 11. h3 Nh6 12. Re1 Nf7 13. Bf1 Be6 14. a3 Rd8 15. b4 Bc8 16. d5 Qe7 17. Qb3 Kh8 18. Be3 f5 19. exf5 gxf5 20. c5 b6 21. Nb5 e4 22. Nfd4 Ne5 23. Nxa7 bxc5 24. Nxc8 Rxc8 25. Ne6 Nb8 26. Nxf8 Rxf8 27. bxc5 Nf3+ 28. gxf3 Bxa1 29. Bg2 Qg7 30. Kh1 Rg8 31. Rg1 exf3 0-1

[Event "Paris-ch"]
[Site "Paris"]
[Date "2004.07.04"]
[Round "2"]
[White "Lamorelle, Yves"]
[Black "Sohier, Julien"]
[Result "1-0"]
[WhiteElo "2255"]
[BlackElo "2174"]
[PlyCount "51"]
[EventDate "2004.07.03"]
[EventType "swiss"]
[EventRounds "9"]
[EventCountry "FRA"]
[SourceTitle "CBM 101 Extra"]
[Source "ChessBase"]
[SourceDate "2004.09.01"]
[SourceVersion "2"]
[SourceVersionDate "2004.09.01"]
[SourceQuality "1"]

1. e4 e6 2. d4 d5 3. e5 c5 4. c3 Qb6 5. Nf3 Bd7 6. Be2 cxd4 7. cxd4 Bb5 8. 0-0 Bxe2 9. Qxe2 Qa6 10. Qc2 Ne7 11. Nc3 Nec6 12. Be3 Nd7 13. Rac1 Be7 14. Rfd1 0-0 15. Ng5 Bxg5 16. Bxg5 Qc4 17. Qd2 Qb4 18. f4 f6 19. exf6 Nxf6 20. f5 Qd6 21. Nb5 Qe7 22. Re1 a6 23. Nc3 Qb4 24. fxe6 Rae8 25. Rcd1 Re7 26. Bxf6 1-0

[Event "FRA-chT2 0304a"]
[Site "France"]
[Date "2004.04.03"]
[Round "10.5"]
[White "Lamorelle, Yves"]
[Black "Beaurain, Jerome"]
[Result "1-0"]
[WhiteElo "2222"]
[BlackElo "2106"]
[PlyCount "63"]
[EventDate "2003.10.??"]
[EventType "team"]
[EventRounds "11"]
[EventCountry "FRA"]
[SourceTitle "EXT 2005"]
[Source "ChessBase"]
[SourceDate "2004.11.15"]
[SourceVersion "1"]
[SourceVersionDate "2004.11.15"]
[SourceQuality "1"]
[WhiteTeam "Nice Alekhine"]
[BlackTeam "Condom"]
[WhiteTeamCountry "FRA"]
[BlackTeamCountry "FRA"]

1. e4 c5 2. Nf3 Nc6 3. Bb5 g6 4. 0-0 Bg7 5. Re1 e5 6. c3 Qe7 7. d4 cxd4 8. cxd4 Nxd4 9. Nxd4 exd4 10. Na3 Qc5 11. Bf4 Nf6 12. Rc1 Qb4 13. Nc4 0-0 14. a4 Ne8 15. Qf3 Kh8 16. Qg3 f6 17. h4 Rg8 18. e5 g5 19. Bd2 gxh4 20. Qxg7+ Nxg7 21. Bxb4 fxe5 22. Nxe5 Ne6 23. Nf7+ Kg7 24. Nd6 a6 25. Bc4 b5 26. Bd5 Rb8 27. a5 Nf4 28. Bxg8 Nd3 29. Rxc8 Rxc8 30. Nxc8 Nxe1 31. Bxe1 Kxg8 32. Nb6 1-0

[Event "FRA-chT2 0304a"]
[Site "France"]
[Date "2004.01.17"]
[Round "5.5"]
[White "Lamorelle, Yves"]
[Black "Gregoire, Sylvain"]
[Result "0-1"]
[WhiteElo "2220"]
[BlackElo "2313"]
[PlyCount "90"]
[EventDate "2003.10.??"]
[EventType "team"]
[EventRounds "11"]
[EventCountry "FRA"]
[SourceTitle "EXT 2005"]
[Source "ChessBase"]
[SourceDate "2004.11.15"]
[SourceVersion "1"]
[SourceVersionDate "2004.11.15"]
[SourceQuality "1"]
[WhiteTeam "Nice Alekhine"]
[BlackTeam "Avignon"]
[WhiteTeamCountry "FRA"]
[BlackTeamCountry "FRA"]

1. e4 c5 2. Nf3 Nc6 3. Bb5 g6 4. 0-0 Bg7 5. Re1 Nf6 6. c3 0-0 7. e5 Ne8 8. d4 Nc7 9. Bxc6 dxc6 10. dxc5 Qxd1 11. Rxd1 Bg4 12. Re1 Bxf3 13. gxf3 Ne6 14. b4 Rfd8 15. Na3 Rd3 16. Bb2 Ng5 17. Kg2 Nxf3 18. Re3 Nxe5 19. Rae1 Rxe3 20. Rxe3 Rd8 21. c4 Ng4 22. Re2 Bxb2 23. Rxb2 Rd3 24. Nb1 g5 25. a4 Ne5 26. Nd2 Rc3 27. a5 Nd3 28. Ra2 Nf4+ 29. Kg1 Rc1+ 30. Nf1 Rxc4 31. a6 Rxb4 32. h4 gxh4 33. Ne3 e6 34. axb7 Rxb7 35. Ra4 Rc7 36. Ng4 Kg7 37. Ne5 Kf6 38. Nxc6 Nd3 39. Nxa7 Rxc5 40. Ra3 Nf4 41. Ra2 h3 42. Rb2 Rg5+ 43. Kh1 Nd3 44. Rd2 Ne1 45. f4 Rg2 0-1

[Event "Cap d'Agde op"]
[Site "Cap d'Agde"]
[Date "2003.10.29"]
[Round "8"]
[White "Lamorelle, Yves"]
[Black "Libiszewski, Fabien"]
[Result "0-1"]
[WhiteElo "2182"]
[BlackElo "2446"]
[PlyCount "88"]
[EventDate "2003.10.23"]
[EventType "swiss"]
[EventRounds "9"]
[EventCountry "FRA"]
[SourceTitle "EXT 2004"]
[Source "ChessBase"]
[SourceDate "2003.11.25"]
[SourceVersion "1"]
[SourceVersionDate "2003.11.25"]
[SourceQuality "1"]

1. e4 e6 2. d4 d5 3. e5 c5 4. c3 Nc6 5. Nf3 Bd7 6. Be2 Nge7 7. Na3 cxd4 8. cxd4 Nf5 9. Nc2 Nb4 10. Nxb4 Bxb4+ 11. Bd2 Qb6 12. Bxb4 Qxb4+ 13. Qd2 a5 14. Qxb4 axb4 15. Kd2 Ne7 16. Rhc1 Nc6 17. Bb5 Na5 18. Bd3 f6 19. Ke3 Nc6 20. Bb5 Na5 21. Bd3 Ke7 22. Nd2 Ra7 23. f4 Rha8 24. b3 Nc6 25. Rc2 Kf7 26. Nf3 Ra3 27. exf6 gxf6 28. Bxh7 f5 29. g4 Kg7 30. Ne5 Be8 31. gxf5 Kxh7 32. Rg2 Ne7 33. fxe6 Nf5+ 34. Kf2 Rxa2+ 35. Rxa2 Rxa2+ 36. Kg1 Rxg2+ 37. Kxg2 Nxd4 38. e7 Kg7 39. Nd3 Kf7 40. Nxb4 Bc6 41. h4 Kxe7 42. Kg3 Kf6 43. h5 Nxb3 44. Nc2 d4 0-1

[Event "FRA-ch Accession"]
[Site "Aix les Bains"]
[Date "2003.08.28"]
[Round "5"]
[White "Heinis, Vincent"]
[Black "Lamorelle, Yves"]
[Result "1-0"]
[WhiteElo "2192"]
[BlackElo "2247"]
[PlyCount "79"]
[EventDate "2003.08.19"]
[EventType "swiss"]
[EventRounds "11"]
[EventCountry "FRA"]
[SourceTitle "EXT 2004"]
[Source "ChessBase"]
[SourceDate "2003.11.25"]
[SourceVersion "1"]
[SourceVersionDate "2003.11.25"]
[SourceQuality "1"]

1. d4 Nf6 2. c4 g6 3. Nc3 Bg7 4. e4 d6 5. Nf3 0-0 6. Be2 e5 7. 0-0 Nc6 8. d5 Ne7 9. a4 Nh5 10. a5 h6 11. Re1 f5 12. Nh4 Nf6 13. exf5 gxf5 14. f4 Bd7 15. Ra3 Kh8 16. fxe5 dxe5 17. c5 Be8 18. d6 cxd6 19. cxd6 Nc6 20. Nxf5 Bg6 21. Nxg7 Kxg7 22. a6 Qb6+ 23. Kh1 Nd4 24. axb7 Rad8 25. Ra6 Qxb7 26. Qa4 Rd7 27. Bc4 Bc2 28. b3 Ng4 29. Bd5 Bxb3 30. Bxb7 Bxa4 31. Be4 Rdf7 32. g3 Rf1+ 33. Rxf1 Rxf1+ 34. Kg2 Rf2+ 35. Kg1 Bb5 36. Rxa7+ Kf6 37. Nd5+ Ke6 38. Re7+ Kxd6 39. Ba3+ Kc6 40. Rc7# 1-0

[Event "FRA-ch Accession"]
[Site "Aix les Bains"]
[Date "2003.08.21"]
[Round "9"]
[White "Lamorelle, Yves"]
[Black "Besson, Bastien"]
[Result "0-1"]
[WhiteElo "2247"]
[BlackElo "2196"]
[PlyCount "78"]
[EventDate "2003.08.19"]
[EventType "swiss"]
[EventRounds "11"]
[EventCountry "FRA"]
[SourceTitle "EXT 2004"]
[Source "ChessBase"]
[SourceDate "2003.11.25"]
[SourceVersion "1"]
[SourceVersionDate "2003.11.25"]
[SourceQuality "1"]

1. e4 c5 2. Nf3 e6 3. c3 Nf6 4. e5 Nd5 5. d4 cxd4 6. Bc4 d6 7. cxd4 Nc6 8. Qe2 dxe5 9. dxe5 Be7 10. 0-0 Qc7 11. Qe4 Nb6 12. Bb3 Bd7 13. Nc3 0-0 14. Bc2 g6 15. Bh6 Rfd8 16. Qf4 Nb4 17. Ng5 Be8 18. Rac1 N6d5 19. Nxd5 Nxd5 20. Qg3 Qb6 21. Bb3 Rac8 22. Rxc8 Rxc8 23. Bxd5 exd5 24. Qh3 Qd8 25. Re1 Rc4 26. Qg3 Qc8 27. h3 Rc2 28. e6 f6 29. Nf7 Bxf7 30. exf7+ Kxf7 31. Be3 Bc5 32. Qh4 h5 33. Qf4 Bxe3 34. Qxe3 Qc5 35. Qe8+ Kg7 36. Re3 h4 37. g4 hxg3 38. Re7+ Kh6 39. Qh8+ Kg5 0-1